|
|
|
|
| LEADER |
01358nam a2200457 a 4500 |
| 001 |
GR-Patra10576 |
| 008 |
991022s mau 000 b eng d |
| 020 |
|
|
|a 069725285X
|
| 040 |
|
|
|a GrPaTEI
|b gre
|c GR-PaULI
|
| 245 |
0 |
0 |
|a Psychology.
|
| 250 |
|
|
|a 4th ed.
|
| 260 |
|
|
|a Boston :
|b McGraw-Hill,
|c c1998
|
| 300 |
|
|
|a xxviii, 670σ. :
|b εικ.
|
| 650 |
|
0 |
|a Emotions
|
| 650 |
|
0 |
|a HEALTH
|
| 650 |
|
0 |
|a HUMAN DEVELOPMENT
|
| 650 |
|
0 |
|a INTELLIGENCE
|
| 650 |
|
0 |
|a LANGUAGE
|
| 650 |
|
0 |
|a LEARNING
|
| 650 |
|
0 |
|a MEMORY
|
| 650 |
|
0 |
|a MOTIVATION
|
| 650 |
|
0 |
|a PERSONALITY
|
| 650 |
|
0 |
|a Psychology
|
| 650 |
|
0 |
|a SOCIAL BEHAVIOR
|
| 650 |
|
0 |
|a THERAPY
|
| 650 |
|
4 |
|a Ανθρώπινη ανάπτυξη
|
| 650 |
|
4 |
|a ΓΛΩΣΣΑ
|
| 650 |
|
4 |
|a ΘΕΡΑΠΕΙΑ
|
| 650 |
|
4 |
|a ΚΟΙΝΩΝΙΚΗ ΣΥΜΠΕΡΙΦΟΡΑ
|
| 650 |
|
4 |
|a ΜΑΘΗΣΗ
|
| 650 |
|
4 |
|a ΜΝΗΜΗ
|
| 650 |
|
4 |
|a ΠΡΟΣΩΠΙΚΟΤΗΤΑ
|
| 650 |
|
4 |
|a ΥΓΕΙΑ
|
| 650 |
|
4 |
|a Ψυχολογία
|
| 650 |
|
4 |
|a Ψυχολογία
|
| 700 |
1 |
|
|a Sdorow, Lester M.
|
| 710 |
0 |
|
|a McGraw-Hill
|
| 942 |
|
|
|2 ddc
|
| 952 |
|
|
|0 0
|1 0
|2 ddc
|4 0
|6 150_000000000000000_SDO
|7 0
|9 291117
|a LISK
|b LISK
|c BSC
|d 2021-01-17
|e 24
|f 0
|g 0.00
|l 0
|o 150 SDO
|p 92410013500
|r 2021-01-17 00:00:00
|t 1
|w 2021-01-17
|y BK15
|x 19991024 0 1
|x GrPaTEI
|
| 971 |
|
|
|a .b26580913
|b 15-04-20
|c 23-09-16
|
| 999 |
|
|
|c 170012
|d 170012
|